Κυπρομάνα

Αποθηκεύτηκε σε:
Λεπτομέρειες βιβλιογραφικής εγγραφής
Κύριος συγγραφέας: Καϊττάνης, Νικόλας, 1918-
Μορφή: Βιβλίο
Γλώσσα:Greek
Δημοσίευση: [χ.τ.] : [χ.ό.], c1997
Θέματα:
Ετικέτες: Προσθήκη ετικέτας
Δεν υπάρχουν, Καταχωρήστε ετικέτα πρώτοι!

MARC

LEADER 00000cam a2200000 i 4500
001 1/37617
008 061114s1997 gre d
035 |l 10086136 
040 |a GR-MY-UA  |b gre  |e aacr 
041 0 |a gre 
082 0 |a 938.285  |2 (22) 
100 1 |a Καϊττάνης, Νικόλας,   |d 1918- 
245 1 0 |a Κυπρομάνα /  |c Νικόλα Καϊττάνη 
260 |a [χ.τ.] :   |b [χ.ό.],   |c c1997 
300 |a 28 σ.;  |c 22 εκ. 
650 0 0 |a Poets, Greek (Modern)  |z Cyprus  |x Biography. 
852 |a INST  |b RHODES  |e 20061114  |h 938.285 ΚΑΙ  |p 005400024148  |q 005400024148  |t BK  |y 0 
901 |a BIBL4-2006-3 
970 |a ΚΟΖΑ  |b ΜΑΡΙΑ  |z 2006/11/08